00450nam a2200157Ia 4500003000900000008004100009040001600050080001700066100001800083245004900101260004200150300001500192650004100207650002200248650002200270IN-BaIIA211028s9999 xx 000 0 eng d cIIA Library a52(091)bGRA aGrant, Robert 0aHistory of physical astronomycRobert Grant  aPaternoster RowbRobert Baldwinc1852 axiv, 637p. aAstronomy and Astrophysics Thesaurus aAstronomy-History aHistory-Astronomy